[Event "Wuerttemberg-ch MT"]
[Site "Tuebingen"]
[Date "2007.09.01"]
[Round "8"]
[White "Maurer, Christopher"]
[Black "Namyslo, Holger"]
[Result "0-1"]
[WhiteElo "2255"]
[BlackElo "2305"]
[PlyCount "74"]
[EventDate "2007.08.25"]
[EventType "swiss"]
[EventRounds "9"]
[EventCountry "GER"]
[SourceTitle "CBM 120 Extra"]
[Source "ChessBase"]
[SourceDate "2007.11.01"]
[SourceVersion "1"]
[SourceVersionDate "2007.11.01"]
[SourceQuality "1"]

1. Nf3 d5 2. g3 Nf6 3. Bg2 e6 4. 0-0 Be7 5. b3 0-0 6. Bb2 a5 7. a4 c5 8. d3 b6 9. Nbd2 Bb7 10. Re1 Nc6 11. e4 Qc7 12. e5 Nd7 13. Qe2 Rae8 14. h3 f6 15. exf6 Bxf6 16. Bxf6 Nxf6 17. Ne5 Nd4 18. Qd1 Nd7 19. Ndf3 Nxf3+ 20. Nxf3 e5 21. Nh2 e4 22. dxe4 dxe4 23. Ng4 c4 24. Bf1 cxb3 25. cxb3 e3 26. Nxe3 Rxf2 27. Kxf2 Rf8+ 28. Kg1 Qxg3+ 29. Bg2 Ne5 30. Rf1 Qxe3+ 31. Kh2 Nf3+ 32. Bxf3 Bxf3 33. Qe1 Qxb3 34. Rf2 Qd5 35. Raa2 Qd6+ 36. Kg1 Qg3+ 37. Kf1 Qxh3+ 0-1